| 000 | 02492nam0a22004091 4500 | ||
|---|---|---|---|
| 001 | rc\4223798 | ||
| 005 | 20260409070514.0 | ||
| 010 |
_bВ пер. _d14 р. _912000 |
||
| 021 |
_aRU _b[60-82737] |
||
| 035 | _a(NLR Aleph) 008223060 | ||
| 090 |
_a8168408 _c8168408 |
||
| 100 | _a20130416d1960 k y0rusy50 ca | ||
| 101 | 0 | _arus | |
| 102 | _aRU | ||
| 105 | _aa zr |||ea | ||
| 200 | 1 |
_aИстория моего знакомства с Гоголем [с включением всей переписки с 1832 по 1852 гг.] _fС.Т. Аксаков _gиздание подготовили сотрудники музея "Абрамцево" АН СССР Е.П. Населенко и Е.А. Смирнова |
|
| 210 |
_aМосква _cИздательство Академии наук СССР _d1960 |
||
| 215 |
_a294 с., 4 л. ил. _cил. _d24 |
||
| 225 | 1 |
_aЛитературные памятники _fАкадемия наук СССР |
|
| 320 | _aБиблиогр.: с. 280-287 | ||
| 327 | 0 | _aВ приложении: С.Т. Аксаков и его книга "История моего знакомства с Гоголем" / Е.А. Смирнова | |
| 464 | 0 |
_12001#$aС.Т. Аксаков и его книга "История моего знакомства с Гоголем" _1700#1$aСмирнова$bЕ. А.$gЕлена Александровна _tС.Т. Аксаков и его книга "История моего знакомства с Гоголем" _aСмирнова, Елена Александровна |
|
| 600 | 1 |
_aГоголь _bН.В. _gНиколай Васильевич _f1809 - 1852 _jВоспоминания, записки и т.п. _3RU\NLR\AUTH\66309282 _91459110 |
|
| 686 | 1 | _aШ5(2=Р)51-4Гоголь | |
| 686 | 1 | _aШ6(2=Р)51-4Аксаков | |
| 700 | 1 |
_8rus _7ca _aАксаков _bС. Т. _f1791-1859 _gСергей Тимофеевич _3RU\NLR\AUTH\77127 _9110214 |
|
| 702 | 1 |
_aСмирнова _bЕ. А. _gЕлена Александровна _4220 |
|
| 702 | 1 |
_4220 _7ca _8rus _aНаселенко _bЕ. П. _f1896-1985 _gЕлена Панфиловна _9216976 _3RU\NLR\AUTH\770217032 |
|
| 702 | 1 |
_4570 _8rus _7ca _aГоголь _bН. В. _f1809-1852 _gНиколай Васильевич _3RU\NLR\AUTH\773480 _9113476 |
|
| 801 | 0 |
_aRU _bNLR _gpsbo |
|
| 801 | 1 |
_aRU _bELAR _2rusmarc |
|
| 852 |
_aNLR _j60-5/5184 |
||
| 942 | _cBOOK | ||
| 980 | _aNB | ||